Available copies
- 1 of 1 copy available at LARL/NWRL Consortium.
Current holds
0 current holds with 1 total copy.
Show Only Available Copies
| Location | Call Number / Copy Notes | Barcode | Shelving Location | Status | Due Date |
|---|---|---|---|---|---|
| Roseau Public Library | e WAL (Text) | 35500004503635 | Main | Available | - |
Record details
- ISBN: 0717287017
- Physical Description: 1 v. (unpaged) : col. ill. ; 23 cm.
- Publisher: New York, NY: Scholastic Inc., c2006.
Search for related items by subject
| Subject: | Elephants > Juvenile fiction. Circus > Juvenile fiction. |
| LDR | 00772nam a2200229Ia 4500 | ||
|---|---|---|---|
| 001 | 105308 | ||
| 003 | LARL_NWRL_CONSORTIUM | ||
| 005 | 20080116094918.0 | ||
| 008 | 080116s2006 ctua j 000 1 eng d | ||
| 020 | . | ‡a0717287017 | |
| 035 | . | ‡a(OCoLC)190843725 | |
| 040 | . | ‡aOUB ‡cOUB | |
| 090 | . | ‡aPZ7.D625 ‡bDu 2006 | |
| 245 | 0 | 0. | ‡aWalt Disney's Dumbo. |
| 260 | . | ‡aNew York, NY: ‡bScholastic Inc., ‡cc2006. | |
| 300 | . | ‡a1 v. (unpaged) : ‡bcol. ill. ; ‡c23 cm. | |
| 650 | 0. | ‡aElephants ‡vJuvenile fiction. ‡0(LARL_NWRL_CONSORTIUM)164773 | |
| 650 | 0. | ‡aCircus ‡vJuvenile fiction. ‡0(LARL_NWRL_CONSORTIUM)171463 | |
| 710 | 2 | . | ‡aDisney Enterprises (1996- ) ‡0(LARL_NWRL_CONSORTIUM)132673 |
| 710 | 2 | . | ‡aPixar (Firm) ‡0(LARL_NWRL_CONSORTIUM)154113 |
| 901 | . | ‡a105308 ‡bISxN ‡c105308 ‡tbiblio | |

Add to basket
Permalink
Disable Highlighting